00714 2200169 4500245003500000020002200035250001100057100001900068650001600087005001900103260002600122041001400148084001100162300002900173500033300202336000900535 aHendrickcRisa SaraswatihText a978-602-220-201-1 aCet. 2 aRisa Saraswati aNovel Horor a20240125111900 aJakartabBukunec2016 aIndonesia a808.83 aviii, 248 hlm. :c20 cm. aHendrick adalah satu diantara lima sahabat hantu belanda yang beberapa belas tahun belakangan ini sibuk menggerecoki hidupku. Ini adalah kisahnya namun bukan cerita tentang caranya menakuti manusia, bukan pula curhatnya tentang kehidupan setelah mati ini lorong waktu ketika aku memaksannya untuk menunjukkan masa hidupnya dulu. atext